| Tag |
First Indicator |
Second Indicator |
Subfields |
| LEADER |
00000cam a2200000 i 4500 |
| 001 |
in00000038943 |
| 005 |
20151007081409.0 |
| 008 |
760205s1976 paua b 00100 eng |
| 010 |
|
|
|a 76013388
|
| 020 |
|
|
|a 0470150556
|
| 035 |
|
|
|a (OCoLC)02035259
|
| 035 |
|
|
|9 AAF6322AM
|
| 040 |
|
|
|a DLC
|c DLC
|d AKM
|d TXA
|d UtOrBLW
|
| 049 |
|
|
|a TXAM
|c [1105917]
|
| 050 |
0 |
0 |
|a QH506
|b .M662 1976
|
| 060 |
|
0 |
|a QU 55 M715 1976
|
| 082 |
0 |
|
|a 574.8/8/08
|
| 245 |
0 |
0 |
|a Molecular biology and protein synthesis /
|c edited by Robert A. Niederman.
|
| 264 |
|
1 |
|a Stroudsburg, Pa. :
|b Dowden, Hutchinson & Ross ;
|c [1976]
|
| 264 |
|
2 |
|a [New York] :
|b [distributed by Halsted Press],
|
| 264 |
|
4 |
|c [©1976]
|
| 300 |
|
|
|a xiv, 357 pages :
|b illustrations ;
|c 26 cm.
|
| 336 |
|
|
|a text
|b txt
|2 rdacontent
|
| 337 |
|
|
|a unmediated
|b n
|2 rdamedia
|
| 338 |
|
|
|a volume
|b nc
|2 rdacarrier
|
| 490 |
1 |
|
|a Benchmark papers in microbiology ;
|v 10
|
| 504 |
|
|
|a Includes bibliographical references and indexes.
|
| 650 |
|
0 |
|a Molecular biology.
|
| 650 |
|
0 |
|a Proteins
|x Synthesis.
|
| 700 |
1 |
|
|a Niederman, Robert A.
|
| 830 |
|
0 |
|a Benchmark papers in microbiology ;
|v 10.
|
| 999 |
|
|
|a MARS
|
| 999 |
f |
f |
|s a800e9c9-67bb-309c-8a15-e569865e051e
|i d9c335da-0015-3419-ad50-e74e91fd3dc5
|t 0
|
| 952 |
f |
f |
|p ric
|a Texas A&M University
|b Rellis Campus
|c Joint Library Facility
|d Remote Storage
|t 0
|e QH506 .M662 1976
|h Library of Congress classification
|i unmediated -- volume
|m A14804854929
|
| 998 |
f |
f |
|a QH506 .M662 1976
|t 0
|l Remote Storage
|